| 000 | 00354nam a2200145Ia 4500 | ||
|---|---|---|---|
| 008 | 150201s2010 xx 000 0 und d | ||
| 082 |
_a611 _bH2010C |
||
| 100 | _aCHAURASIA,B.D. | ||
| 245 | _aHUMAN ANATOMY V-3 | ||
| 250 | _a5TH | ||
| 260 |
_bC.B.S PUBLISHERS & DISTRIBUTERS _aDELHI _c2010 |
||
| 300 | _a1-474 | ||
| 650 | _aANATOMY | ||
| 942 |
_2ddc _cBK _010 |
||
| 999 |
_c4570 _d4570 |
||